| 000 | 00642nam a2200193 i 4500 | ||
|---|---|---|---|
| 001 | 141021 | ||
| 003 | ES-MaACL | ||
| 005 | 20230906200214.0 | ||
| 007 | t| | ||
| 008 | 070919s1969 sp ||||1| spa d | ||
| 080 | _a159.922.74 | ||
| 100 | 1 |
_aYoung, Leontine. _9117699 |
|
| 245 | 1 | 0 |
_aVida entre gigantes _b: una perspectiva del mundo de los adultos desde el punto de vista del niño / _cLeontine Young ; versión por Juan Balnco Catalá. |
| 260 |
_aAlcoy : _bMarfil, _c1969. |
||
| 300 |
_a162 p. ; _c21 cm. |
||
| 650 | 1 | 4 |
_aNiños- _xPsicología. _915554 |
| 700 | 1 |
_aBlanco Catalá, Juan. _929234 |
|
| 852 |
_aES-MaACL _jC-48603 _bR.73162 |
||
| 999 |
_c141021 _d141021 |
||